Wildbiologische Informationen

Salvato in:
Dettagli Bibliografici
Autore principale: Müller, Franz
Natura: Libro
Lingua:tedesco
Pubblicazione: Remagen Verlag Kessel 2021
Edizione:5. erweiterte und aktualisierte Auflage
Soggetti:
Tags: Aggiungi Tag
Nessun Tag, puoi essere il primo ad aggiungerne!!

MARC

LEADER 00000nam a2200000 4500
001 0303832
005 20250108145820.9
020 |a 978-3-935638-51-7 
041 0 |a ger 
044 |a DE 
245 1 0 |a Wildbiologische Informationen  |c von Franz Müller 
250 |a 5. erweiterte und aktualisierte Auflage 
264 1 |a Remagen  |b Verlag Kessel  |c 2021 
300 |a 358 s. 
610 2 0 |a nemčina 
610 2 0 |a jazyky cudzie 
610 2 0 |a zásoba slovná 
610 2 0 |a biológia 
100 1 |a Müller, Franz